000 00515nam a2200181Ia 4500
999 _c28947
_d28947
003 OSt
005 20210108151738.0
008 190216s9999||||xx |||||||||||||| ||und||
020 _a9788182640191
040 _coclc
082 _a894.812301
_bGRA/G
100 _aGracy
_98200
245 0 _aGraciyude Sthreekal /
_cGracy
260 _bMathrubhumi Printing & Publishing,
_aKozhikode:
_c2004.
300 _a76p
650 _aKathakal
942 _cBK
_2ddc
_h894.812301
_iGRA/G
_k894.812301
_mGRA/G